| 000 | 00772cab a2200169 4500 | ||
|---|---|---|---|
| 001 | L130949 | ||
| 008 | 050912n2005 000 0 eng u | ||
| 035 | _a(Sirsi) u130949 | ||
| 041 | 0 | _aeng | |
| 245 | 0 | 0 |
_aDatabank _bprivate investor |
| 260 | _c2005 | ||
| 490 | 0 |
_aProperty Week _v70(36) 9 September 2005, 25(1) |
|
| 520 | _aExamines the office sector from the point of view of the private investor. Looks at the central London office sector over the last ten years. Includes graphs detailing London office availability, office take up, construction of office space for the last year, and London office availability by submarket since 1992. | ||
| 590 | _aIKA270905 | ||
| 690 | _aPROPERTY-COMMERCIAL PROPERTY-COMMERCIAL PROPERTY FINANCE AND INVESTMENT | ||
| 942 | _n0 | ||
| 999 |
_c104603 _d104603 |
||